000 00745nam a2200217 a 4500
001 000017134
005 20240412074245.0
008 100318t2010 dr r 000 p spa d
020 _a9789945404241
040 _aDO-SdBNP
_bspa
_cBNPHU
082 _aRD861.44
_bM843v
100 1 _aJiménez Grullón, Juan Isidro,
_d1903-1983
_931134
245 1 0 _aVida y poesía /
_cJuan Isidro Moreno Espinal.
260 _aSanto Domingo :
_bSecretaría de Estado de Cultura,
_c2010.
300 _a372 p. ;
_c23 cm.
500 _aIncluye datos biográficos del autor en la solapa de la cubierta.
590 _aInventariado, 2018/BT
650 0 _aPoesía dominicana
_966
650 0 _aLiteratura dominicana.
_967
910 _aValidado. Control de calidad. EMS
999 _c16660
_d16660